The Oxford handbook of entrepreneurship. / (Record no. 2871)
[ view plain ]
| 000 -LEADER | |
|---|---|
| fixed length control field | 00777nam a22001937a 4500 |
| 008 - FIXED-LENGTH DATA ELEMENTS--GENERAL INFORMATION | |
| fixed length control field | 140425b xxu||||| |||| 00| 0 eng d |
| 020 ## - INTERNATIONAL STANDARD BOOK NUMBER | |
| International Standard Book Number | 9780199546992 |
| 050 ## - LIBRARY OF CONGRESS CALL NUMBER | |
| Classification number | HB615.O94 |
| 100 ## - MAIN ENTRY--PERSONAL NAME | |
| Personal name | Casson, Mark. |
| 245 ## - TITLE STATEMENT | |
| Title | The Oxford handbook of entrepreneurship. / |
| Statement of responsibility, etc. | Mark Casson |
| 260 ## - PUBLICATION, DISTRIBUTION, ETC. | |
| Place of publication, distribution, etc. | United Kingdom: |
| Name of publisher, distributor, etc. | Oxfrod University Press, |
| Date of publication, distribution, etc. | 2006. |
| 300 ## - PHYSICAL DESCRIPTION | |
| Extent | xi,790p.: |
| Dimensions | 24cm. |
| 500 ## - GENERAL NOTE | |
| General note | includes index. |
| 505 ## - FORMATTED CONTENTS NOTE | |
| Formatted contents note | Contents: Part 1: Theory and history -- Part 2: Small firms -- Part 3: Innovation -- Part 4: Finance -- Part 5: Employment, self-employment and buy-outs -- Part 6: Social and cultural aspects -- Part 7: Spatial and international dimensions -- Index. |
| 700 ## - ADDED ENTRY--PERSONAL NAME | |
| Personal name | Yeung, Bernard |
| 700 ## - ADDED ENTRY--PERSONAL NAME | |
| Personal name | Wadson, Nigel |
| 700 ## - ADDED ENTRY--PERSONAL NAME | |
| Personal name | Basu, Anuradha |
| 942 ## - ADDED ENTRY ELEMENTS (KOHA) | |
| Source of classification or shelving scheme | Library of Congress Classification |
| Koha item type | Books |
| Withdrawn status | Lost status | Source of classification or shelving scheme | Damaged status | Not for loan | Home library | Current library | Shelving location | Date acquired | Total Checkouts | Full call number | Barcode | Date last seen | Copy number | Price effective from | Koha item type |
|---|---|---|---|---|---|---|---|---|---|---|---|---|---|---|---|
| Library of Congress Classification | WISCONSIN INTERNATIONAL UNIVERSITY COLLEGE, GHANA - MAIN LIBRARY | WISCONSIN INTERNATIONAL UNIVERSITY COLLEGE, GHANA - MAIN LIBRARY | Reference | 25/04/2014 | HB615.O94 | 6571/12 | 25/04/2014 | 1 | 25/04/2014 | Books | |||||
| Library of Congress Classification | WISCONSIN INTERNATIONAL UNIVERSITY COLLEGE, GHANA - MAIN LIBRARY | WISCONSIN INTERNATIONAL UNIVERSITY COLLEGE, GHANA - MAIN LIBRARY | Reference | 25/04/2014 | HB615.O941 | 6572/12 | 25/04/2014 | 2 | 25/04/2014 | Books |
